00378nam a22001337a 450000500170000002000230001703500130004003700130005324500710006626000480013730000250018570000170021070000170022720120425150036.0 a818069139Xc800.00 aB-167350 aDPLbENG aTribal health and medicines /cedited by A.K. Kalla and P.C. Joshi aNew DelhibConcept Publishing Companyc2004 axiii, 447p.c20 cms. aKalla, A.K.  aJoshi, P.C.